00869 2200301 4500001002100000005001500021035002000036007000300056008004100059040001700100100003100117245011000148250001000258300003300268504002500301020002200326041000800348082001100356090002300367264003800390336002100428337003000449338002300479650001400502700003500516850001000551990000600561INLIS00000000000907720260511091719 a0010-1122000036ta260511 0  aSBPUPADbind0 aHetti RestiantiePengarang1 aMenerapkan Budaya Hidup Sehat :bPola Makan dan Keseimbangan Gizi /cHetti Restianti; editor, Edi Warsidi acet.2 avi, 54 hlm :bilus. ;c21 cm abibiliografi, 59 hlm a978-602-8712-19-407aind a574.13 a574.13 HET m L17-3 aBandung :bPT Puri Pustaka,c2012 2rdacontentateks 2rdamediaatanpa perantara 2rdacarrieravolume 4aKesehatan0 aeditor, Edi WarsidiePengarang aPUPAD a-